header

Living under the shadow (Record no. 204896)

MARC details
000 -LEADER
fixed length control field 01830nam a22004094a 4500
082 04 - DEWEY DECIMAL CLASSIFICATION NUMBER
Classification number 930.1028
245 00 - TITLE STATEMENT
Title Living under the shadow
260 ## - PUBLICATION, DISTRIBUTION, ETC. (IMPRINT)
Place of publication Walnut Creek, Calif. :
Name of publisher Left Coast Press,
Year of publication c2007.
300 ## - PHYSICAL DESCRIPTION
Number of Pages x, 307 p. :
Other physical details ill., maps.
490 1# - SERIES STATEMENT
Series statement One world archaeology series ;
500 ## - GENERAL NOTE
General note Based on papers from a session of the same name at WAC5 held in Washington, D.C. in 2003.
650 #0 - SUBJECT ADDED ENTRY--TOPICAL TERM
Topical Term Archaeology and natural disasters
Topical Term Volcanoes
Topical Term Social change
Topical Term Human ecology
Topical Term Human beings
700 1# - ADDED ENTRY--PERSONAL NAME
Personal name Grattan, John.
Personal name Torrence, Robin.
856 40 - ELECTRONIC LOCATION AND ACCESS
Uniform Resource Identifier http://site.ebrary.com/lib/rucke/Doc?id=10386153

No items available.

© 2026 Rongo University
Contact us: librarian | system librarian | Rongo university